Global Warming /

Contenido: 1) Introducción; 2) Clima global: una cuestión interdisciplinaria; 3) Temperatura de la superficie de la Tierra; 4) Que determina el GMST (Global Mean Surface Temperature); 5) Atmósfera de la Tierra; 6) Ciclo del agua; 7) Ciclo del carbono; 8) Predicción el clima; 9) Completar el libro 1.

محفوظ في:
التفاصيل البيبلوغرافية
المؤلف الرئيسي: McBride, Neil (autor)
التنسيق: كتاب
اللغة:الإنجليزية
منشور في: Milton Keynes, Inglaterra : Open University, 2007, c2007
سلاسل:(Exploring Science)
(Science. Level 1)
الموضوعات:
الوسوم: إضافة وسم
لا توجد وسوم, كن أول من يضع وسما على هذه التسجيلة!

MARC

LEADER 00000nam^a2200000^a^4500
001 000327999
005 20250521000000.0
009 20260310113853.253
020 |a 978-1-8487-3162-2 
037 |a Acervo ITESO - Biblioteca 
041 |a ING 
082 |a 500.  |b EXP UNO V. 1 
100 |a McBride, Neil  |e (autor) 
240 1 1 |a [Exploring Science] 
245 1 0 |a Global Warming /  |c N. McBride. 
264 4 |a Milton Keynes, Inglaterra :  |b Open University,  |c 2007, c2007 
300 |a 164 p. 
336 |a texto  |b txt  |2 rdacontenido 
337 |a sin mediación  |b n  |2 rdamedio 
338 |a volumen  |b nc  |2 rdasoporte 
440 1 |a (Exploring Science) 
440 1 |a (Science.  |p Level 1) 
520 |a Contenido: 1) Introducción; 2) Clima global: una cuestión interdisciplinaria; 3) Temperatura de la superficie de la Tierra; 4) Que determina el GMST (Global Mean Surface Temperature); 5) Atmósfera de la Tierra; 6) Ciclo del agua; 7) Ciclo del carbono; 8) Predicción el clima; 9) Completar el libro 1. 
649 |a XX 
650 |a Pronóstico del Tiempo 
650 |a Calentamiento de la Tierra -  |x Tema Principal 
650 |a Cambio Climático -  |x Tema Principal 
650 |a Climatología 
650 |a Ciencias de la Tierra 
650 |a Ciencia -  |x Generalidades 
650 |a Ciencia -  |x Estudio y Enseñanza 
910 |a Fondo General 
920 |a Impresos - Libros 
930 |a Colección General 
905 |a 101 
901 |a 0500217194  |b IT1  |c ACC  |i C135938  |u 20250521 
902 |a https://opac.biblio.iteso.mx/vufind/Record/000327999